000
00280nam a22001337a 4500
008
170421b xxu||||| |||| 00| 0 eng d
020
_a
2900534492761
041
_a
eng
080
_2
7 ED
_a
573
100
_a
11
101
_a
SHM
245
_a
BIOLOGY
_c
BERG.M
942
_2
udc
_c
BK
999
_c
11524
_d
11524